Environmentálna daňová reforma
Pojednanie o jednotlivých typoch environmentálnych daní a environmentálnej daňovej reforme. Väčšina environmentálych daní má dvojitú fukciu: získanie príjmov a vytvorenie stimulov pre lepšie správanie s ohľadom na životné prostredie. Hoci veľkosť príjmov nemôže byť použitá na ohodnotenie efektov env...
Uložené v:
| Hlavný autor: | |
|---|---|
| Médium: | Kapitola |
| Jazyk: | Slovak |
| Predmet: | |
| Tagy: |
Žiadne tagy, Buďte prvý, kto otaguje tento záznam!
|
MARC
| LEADER | 00000nla$a2200000$$$4500 | ||
|---|---|---|---|
| 001 | 0082221 | ||
| 005 | 20240502071925.8 | ||
| 041 | 0 | |a slo | |
| 044 | |a SK | ||
| 245 | 1 | 0 | |a Environmentálna daňová reforma |c Lucia Gálová |
| 520 | |a Pojednanie o jednotlivých typoch environmentálnych daní a environmentálnej daňovej reforme. Väčšina environmentálych daní má dvojitú fukciu: získanie príjmov a vytvorenie stimulov pre lepšie správanie s ohľadom na životné prostredie. Hoci veľkosť príjmov nemôže byť použitá na ohodnotenie efektov environmentálnych daní, ukazuje dôležitosť týchto daní v zmysle ich podielu na celkovom daňovom zaťažení a potenciál pre ďalší daňový presun. Environmentálna daňová reforma, environmentálna fiškálna reforma - pojmy. EDR je pravidelne spájaná s tzv. "double dividend" hypotézou, podľa ktorej môže EDR viesť k zlepšeniu aj v životnom prostredí, aj v zamestnanosti. Príklad EDR v Nemecku. | ||
| 610 | 2 | 0 | |a reformy daňové |
| 610 | 2 | 0 | |a prostredie životné |
| 610 | 2 | 0 | |a dane ekologické |
| 610 | 2 | 0 | |a Nemecko |
| 100 | 1 | |a Gálová, Lucia | |